000 01017cam a2200229 4500
001 WB3803-07
008 020123n2002 000 0 eng u
035 _a(Sirsi) u116400
245 _aNHS bars PFI advisors from bidding for hospitals
260 _c2002
490 _aBuilding
_v2 18 January 2002, 11(1)
520 _aProposals to be announced soon will prevent architects and quantity surveyors, advising NHS trusts on PFI projects, joining consortiums bidding for the schemes. This comes after claims that practices acting as advisers have an unfair advantage over their rivals. The industry is unclear over which practices would be barred and is requesting further information on which pieces of work would exclude certain professions.
590 _aWB
650 _aPFI ADVISERS
650 _aNHS TRUSTS
650 _aNHS ESTATES
650 _aARCHITECTS
650 _aQUANTITY SURVEYORS
650 _aPFI HOSPITALS
690 _aMANAGEMENT-BUSINESS MANAGEMENT-FINANCIAL MANAGEMENT
942 _n0
999 _c69328
_d69328